Portrait of Spain : (Record no. 5840)
[ view plain ]
| 000 -LEADER | |
|---|---|
| fixed length control field | 01973cam a22004817a 4500 |
| 001 - CONTROL NUMBER | |
| control field | 17480882 |
| 005 - DATE AND TIME OF LATEST TRANSACTION | |
| control field | 20260427161738.0 |
| 008 - FIXED-LENGTH DATA ELEMENTS--GENERAL INFORMATION | |
| fixed length control field | 121001s2012 at a bc 001 0 eng d |
| 035 ## - SYSTEM CONTROL NUMBER | |
| System control number | 17480882 |
| 010 ## - LIBRARY OF CONGRESS CONTROL NUMBER | |
| LC control number | 2012493364 |
| 020 ## - INTERNATIONAL STANDARD BOOK NUMBER | |
| International Standard Book Number | 9781921503443 |
| Qualifying information | pbk. |
| 020 ## - INTERNATIONAL STANDARD BOOK NUMBER | |
| International Standard Book Number | 1921503440 |
| Qualifying information | pbk. |
| 020 ## - INTERNATIONAL STANDARD BOOK NUMBER | |
| International Standard Book Number | 9781921503528 |
| Qualifying information | hbk. |
| 020 ## - INTERNATIONAL STANDARD BOOK NUMBER | |
| International Standard Book Number | 1921503521 |
| Qualifying information | hbk. |
| 035 ## - SYSTEM CONTROL NUMBER | |
| System control number | (OCoLC)777976025 |
| 037 ## - SOURCE OF ACQUISITION | |
| Source of stock number/acquisition | PO Box 3686 South Brisbane QLD 4101 |
| 040 ## - CATALOGING SOURCE | |
| Original cataloging agency | AU@ |
| Language of cataloging | eng |
| Transcribing agency | AU@ |
| Modifying agency | YDXCP |
| -- | FXM |
| -- | BWX |
| -- | NZWMU |
| -- | DLC |
| 041 1# - LANGUAGE CODE | |
| Language code of text/sound track or separate title | eng |
| Language code of original | spa |
| 042 ## - AUTHENTICATION CODE | |
| Authentication code | anuc |
| -- | lccopycat |
| 043 ## - GEOGRAPHIC AREA CODE | |
| Geographic area code | u-at-qn |
| 050 00 - LIBRARY OF CONGRESS CALL NUMBER | |
| Classification number | N3450 |
| Item number | .P6613 2012 |
| 082 04 - DEWEY DECIMAL CLASSIFICATION NUMBER | |
| Classification number | 709.943 |
| Edition number | 23 |
| 100 1# - MAIN ENTRY--PERSONAL NAME | |
| Personal name | Portús Pérez, Javier. |
| 9 (RLIN) | 15772 |
| 245 10 - TITLE STATEMENT | |
| Title | Portrait of Spain : |
| Remainder of title | masterpieces from the Prado / |
| Statement of responsibility, etc. | [Javier Portús Pérez, Gabriele Finaldi ; translated by Michael Agnew]. |
| 260 ## - PUBLICATION, DISTRIBUTION, ETC. | |
| Place of publication, distribution, etc. | South Brisbane, Qld. : |
| Name of publisher, distributor, etc. | Queensland Art Gallery, |
| Date of publication, distribution, etc. | c2012. |
| 300 ## - PHYSICAL DESCRIPTION | |
| Extent | 304 p. : |
| Other physical details | col. ill. ; |
| Dimensions | 31 cm. |
| 336 ## - CONTENT TYPE | |
| Content type term | text |
| Content type code | txt |
| Source | rdacontent |
| 337 ## - MEDIA TYPE | |
| Media type term | unmediated |
| Media type code | n |
| Source | rdamedia |
| 338 ## - CARRIER TYPE | |
| Carrier type term | volume |
| Carrier type code | nc |
| Source | rdacarrier |
| 500 ## - GENERAL NOTE | |
| General note | Catalog accompanies an exhibition held at the Queensland Art Gallery, Brisbane, Australia, July 21-Nov. 4, 2012. |
| 504 ## - BIBLIOGRAPHY, ETC. NOTE | |
| Bibliography, etc. note | Includes bibliographical references (p. 285-296) and index. |
| 610 20 - SUBJECT ADDED ENTRY--CORPORATE NAME | |
| Corporate name or jurisdiction name as entry element | Museo del Prado |
| Form subdivision | Exhibitions. |
| 9 (RLIN) | 15773 |
| 650 #0 - SUBJECT ADDED ENTRY--TOPICAL TERM | |
| Topical term or geographic name entry element | Art, Spanish |
| Geographic subdivision | Spain |
| -- | Madrid |
| Form subdivision | Exhibitions. |
| 9 (RLIN) | 15774 |
| 655 #7 - INDEX TERM--GENRE/FORM | |
| Genre/form data or focus term | Exhibition catalogs. |
| Source of term | lcgft |
| Authority record control number or standard number | https://id.loc.gov/authorities/genreForms/gf2014026098 |
| 9 (RLIN) | 12632 |
| 700 1# - ADDED ENTRY--PERSONAL NAME | |
| Personal name | Finaldi, Gabriele. |
| 9 (RLIN) | 15775 |
| 710 2# - ADDED ENTRY--CORPORATE NAME | |
| Corporate name or jurisdiction name as entry element | Queensland Art Gallery. |
| 9 (RLIN) | 13987 |
| 710 2# - ADDED ENTRY--CORPORATE NAME | |
| Corporate name or jurisdiction name as entry element | Museo del Prado. |
| 9 (RLIN) | 15776 |
| 906 ## - LOCAL DATA ELEMENT F, LDF (RLIN) | |
| a | 7 |
| b | cbc |
| c | copycat |
| d | 3 |
| e | ncip |
| f | 20 |
| g | y-gencatlg |
| 925 0# - | |
| -- | acquire |
| -- | 1 shelf copy |
| -- | policy default |
| 923 ## - | |
| -- | Exchange. |
| 999 ff - SYSTEM CONTROL NUMBERS (KOHA) | |
| -- | 6c2afd88-e8ca-58ff-b4c3-ad0b6f26b0e9 |
| -- | d28b5826-47ad-4e32-9dd4-ef5b63463c9b |
No items available.
